School readiness : Behavior tests used at the gesell institute (Record no. 1349382)

MARC details
000 -LEADER
fixed length control field 00636nam a2200205Ia 4500
005 - DATE AND TIME OF LATEST TRANSACTION
control field 20250508154303.0
008 - FIXED-LENGTH DATA ELEMENTS--GENERAL INFORMATION
fixed length control field 008 250505s9999 xx 000 0 eng d
037 ## - SOURCE OF ACQUISITION
Stock number Textual
040 ## - CATALOGING SOURCE
Original cataloging agency FEDL
Language of cataloging eng
Transcribing agency FEDL
041 ## - LANGUAGE CODE
Language code of text/sound track or separate title eng
Source of code eng
084 ## - COLON CLASSIFICATION NUMBER
Classification number 371.26, ILG
Assigning agency FEDL
100 ## - MAIN ENTRY--PERSONAL NAME
Personal name ILG Frances L
245 #0 - TITLE STATEMENT
Title School readiness : Behavior tests used at the gesell institute
260 ## - PUBLICATION, DISTRIBUTION, ETC.
Place of publication, distribution, etc. New York, USA
Name of publisher, distributor, etc. Harper and Row Publisher
Date of publication, distribution, etc. 1965
300 ## - PHYSICAL DESCRIPTION
Extent xiii,396p.
650 ## - SUBJECT ADDED ENTRY--TOPICAL TERM
Topical term or geographic name entry element Educational - test case and measurement
700 ## - ADDED ENTRY--PERSONAL NAME
Personal name Ames Louise Bates
9 (RLIN) 765241
942 ## - ADDED ENTRY ELEMENTS (KOHA)
Koha item type Textual
Classification part 371.26, ILG
Holdings
Withdrawn status Lost status Damaged status Not for loan Home library Current library Date acquired Total Checkouts Full call number Barcode Date last seen Price effective from Koha item type
        Department of Education Library Department of Education Library 2025-05-08   371.26, ILG EL0033130 2025-05-08 2025-05-08 Textual
Copyright @ Delhi University Library System